000 00872cam a22002171a 4500
001 e 09000995
003 DLC
005 20260227111151.0
008 821215s1890 mau 101 0 eng c
010 _ae 09000995
035 _a(OCoLC)9056608
040 _aU.S. Office of Education Library
_cNjUPM
_dNjUPM
_dDLC
050 0 0 _aGV205
_b.C63 1889c
111 2 _aConference in the Interest of Physical Training (1889 :
_cMassachusetts Institute of Technology).
245 1 0 _aPhysical training :
_ba full report of the papers and discussions of the conference held in Boston in November, 1889 /
_creported and edited by Isabel C. Barrows.
260 _aBoston :
_bG.H. Ellis,
_c1890.
300 _aiv, 135 p. ;
_c24 cm.
500 _aIncludes indexes.
650 0 _aPhysical education and training
_xCongresses.
700 1 _aBarrows, Isabel C.
_q(Isabel Chapin),
_d1845-1913.
999 _c18830
_d18830